000 00291 a2200109 4500
001 ART_27806
005 20260410161949.0
008 260409a
245 1 0 _aBienes de uso
100 1 _aNannini, María Susana
773 0 _tInvenio
_g- Año 1, Nº 2 (nov. 1998)
_wREV27781
999 _c30239
_d30239